00995nam a2200181Ia 450000500170000000800410001702000150005805000140007305000220008710000400010924500490014926000420019830000180024050401010025850503950035965000330075465000260078720231102151233.0141017t20041987mx |||| |||| 000 0 spa d a9684760221 aLA21bP65 aLA 21 bP63 1987  aPonce, Aníbaleautord1898 - 193800aEducacion y lucha de clasesc / Anibal Ponce aMéxicob: Fontamarac, 1987c, 2004 a236 páginas aIncluye: Prólogo Índice de contenido Cronología Bibliografía al final de cada capítulo aLa educación en la comunidad primitiva La educación del hombre antiguo. Primera parte: Esparta y Atenas La educación del hombre antiguo. Segunda parte: Roma La educación del hombre feudal La educación del hombre burgués. Primera parte: Desde el Renacimiento al siglo XIX La esucación dle hombre burgués. Segunda parte: Desde la Revolución al siglo XIX La nueva educación aCLASES SOCIALESxEDUCACIÓN aEDUCACIÓNxHISTORIA